000 00312nam a22001217a 4500
008 230619b xxu||||| |||| 00| 0 eng d
020 _a964472299X
082 _a297.2
_bORG
245 _aIslamic View on Human Rights
260 _aIran
_bAlhoda Publishers and Distributors
300 _aXIII,399p
942 _2ddc
_cBK
999 _c1268
_d1268